01325nam a2200373 i 450000100060000000300090000600500170001500800390003201500170007104000480008804100130013604500170014904600090016608000180017510000290019324501670022224600790038926000330046830000330050138000160053438800140055038800140056450400280057864800140060664800140062064800140063465000250064865100280067365800310070170000400073270000520077271000290082485600980085311255KOSZ 00520240405063006.0071027s1968 pl a f 000 0 pol aPB 1968/4345 aWA NcKOSZ 005/RWdKOSZ 005/RWdKOSZ 005/HR1 apolheng bd1890bd1960 k1968 a69.059.22(73)1 aMcKaig, Thomas H.eAutor10aKatastrofy i awarie budowlane :bprzykłady z budownictwa amerykańskiego w latach 1890-1960 /cThomas H. McKaig ; tł. Anna Chrabczyńska, Józef Sieczkowski.1 iTyt. oryg.:aBuilding failures :bcase studies in construction and design. aWarszawa :b"Arkady",c1968. a231, [1] s. :bil. ;c25 cm. aKsiążki a1801-1900 a1901-2000 aBibliogr. s. 227-[232]. 4a1801-1900 4a1901-2000 4a1945-1989 4aKatastrofy budowlane aStany Zjednoczone (USA) aArchitektura i budownictwo1 aChrabczyńska, Anna.eTłumaczenie1 aSieczkowski, Józefd(1928-2004)eTłumaczenie2 aWydawnictwo Arkady4pbl. uhttp://koha.tu.koszalin.pl/cgi-bin/koha/opac-detail.pl?biblionumber=11255yKatalog online BPK